000 00577nam a22001937a 4500
003 BUBTL
008 160418b xxu||||| |||| 00| 0 eng d
020 _a9789353162337
082 _a005.133 / B181p
100 _983
_aBalagurusamy, E.
245 _aProgramming with Java /
_cE Balagurusamy
250 _a6th ed.
260 _aNew Delhi :
_bMcGraw Hill Education (India) Private Limited,
_cc2019.
300 _axiv,586 p. :
_bill. ;
_c24 cm.
650 0 _9457
_aComputer Science
856 _k0
_l0
_yDownload
942 _2ddc
_cBK
999 _c6220
_d6220